LEADER 00759nam0-22002891i-450- 001 990002571720403321 035 $a000257172 035 $aFED01000257172 035 $a(Aleph)000257172FED01 035 $a000257172 100 $a20000920d1976----km-y0itay50------ba 101 0 $aENG 200 1 $aCommande optimale des systemes discrets$fV. Boltianski. 210 $aMoscou$cMir$d1976. 215 $a467 p.$d22 cm 610 0 $aOttimizzazione 676 $a519 676 $a510 700 1$aBoltianski,$bV.$012105 801 0$aIT$bUNINA$gRICA$2UNIMARC 901 $aBK 912 $a990002571720403321 952 $aMXVI-B-25$b3087$fMAS 959 $aMAS 996 $aCommande optimale des systèmes discrets$9255334 997 $aUNINA DB $aING01 LEADER 01222nas 2200409-a 450 001 9910144505003321 005 20260218112411.0 011 $a1851-1686 035 $a(CKB)991042731628422 035 $a(CONSER)---93656359- 035 $a(DE-599)ZDB2598880-3 035 $a(DE-599)2598880-3 035 $a(EXLCZ)99991042731628422 100 $a19931109a19899999 --- - 101 0 $aspa 181 $ctxt$2rdacontent 182 $cc$2rdamedia 183 $acr$2rdacarrier 200 00$aAnuario de investigaciones 210 $aBuenos Aires $cFacultad de Psicología, UBA, Subsecretaría de Investigaciones$d[1989]- 215 $a1 online resource 300 $aRefereed/Peer-reviewed 311 08$a0329-5885 531 0 $aAnu. investig. 606 $aPsychology$zArgentina$vPeriodicals 606 $aPsychology$2fast$3(OCoLC)fst01081447 607 $aArgentina$2fast 608 $aPeriodicals.$2fast 615 0$aPsychology 615 7$aPsychology. 676 $a150/.5 712 02$aUniversidad de Buenos Aires.$bFacultad de Psicologi?a. 906 $aJOURNAL 912 $a9910144505003321 920 $aexl_impl conversion 996 $aAnuario de investigaciones$92271555 997 $aUNINA